000 01611nam a2200337 i 4500
001 170849
003 ES-MaACL
005 20250808062749.0
008 090413s1956 sp |||| | spa d
100 0 _aTomás de Aquino,
_cSanto
_9110514
240 1 0 _aSumma theologica.
_lEspañol-Latín
245 1 0 _aSuma teológica.
_nT. VI /
_cde Santo Tomás de Aquino ; texto latino de la edición crítica Leonina ; traducción y anotaciones por una comisión de PP. Dominicos presidida por Francisco Barbado Viejo ; introducción general por Santiago Ramírez.
260 _aMadrid :
_bLa Editorial Católica,
_c1956.
300 _aXV, 923 p. ;
_c20 cm.
490 1 _aBiblioteca de autores cristianos ;
_v149
505 8 _aContiene : Tratado de la ley en general / versión e introducciones de Carlos Soria. Tratado de la ley antigua / versión e introducciones de Alberto Colunga. Tratado de la gracia / versión por Juan José Ungidos ; introducciones y notas por Francisco Pérez Muñiz
546 _aTexto en latín y castellano.
700 1 _aBarbado Viejo, Francisco,
_cObispo de Salamanca.
_9139678
700 0 _aRamírez, Santiago.
_995112
700 1 _aSoria, Carlos.
_9107346
700 1 _aColunga Cueto, Alberto.
_939913
700 1 _aUngidos, Juan José.
_9139766
700 1 _aPérez Muñiz, Francisco.
_9139768
740 0 _aTratado de la ley en general.
740 0 _aTratado de la ley antigua.
740 0 _aTratado de la gracia.
830 0 0 _aBiblioteca de autores cristianos
_v149
_9178679
852 _aES-MaACL
_jJ-147
_9R.46092
999 _c170849
_d170849